Národní banka československá
Priorita pevného centrálneho riadenia menových a finančných pomerov pred definitívnym systémovým usporiadaním v čase vzniku Československa. Prechodné riešenia. Vznik Národnej banky československej, jej postavenie a riadenie. Vzťah k štátu. Uskutočňovanie menovej politiky. Riadenie kurzu koruny a dev...
Salvato in:
| Autore principale: | |
|---|---|
| Natura: | Capitolo di libro |
| Lingua: | ceco |
| Soggetti: | |
| Tags: |
Nessun Tag, puoi essere il primo ad aggiungerne!!
|
MARC
| LEADER | 00000naa a2200000 4500 | ||
|---|---|---|---|
| 001 | r033933 | ||
| 005 | 20230929091143.6 | ||
| 041 | 0 | |a cze | |
| 044 | |a CZ | ||
| 245 | 1 | 0 | |a Národní banka československá |c František Vencovský |
| 520 | |a Priorita pevného centrálneho riadenia menových a finančných pomerov pred definitívnym systémovým usporiadaním v čase vzniku Československa. Prechodné riešenia. Vznik Národnej banky československej, jej postavenie a riadenie. Vzťah k štátu. Uskutočňovanie menovej politiky. Riadenie kurzu koruny a devízového hospodárstva. Spory o peňažnú politiku Národnej banky československej. Rozklad a zánik Národnej banky československej. | ||
| 610 | 2 | 0 | |a bankovníctvo |
| 610 | 2 | 0 | |a politika menová |
| 610 | 2 | 0 | |a história |
| 610 | 2 | 0 | |a banky |
| 610 | 2 | 0 | |a banky emisné |
| 610 | 2 | 0 | |a úver bankový |
| 610 | 2 | 0 | |a kurz menový |
| 610 | 2 | 0 | |a vývoj menový |
| 610 | 2 | 0 | |a Česko |
| 610 | 2 | 0 | |a 1918 |
| 610 | 2 | 0 | |a 1945 |
| 610 | 2 | 0 | |a Národná banka československá |
| 100 | 1 | |a Vencovský, František | |